Усиление эффективности самостоятельной работы школьников средствами обучающей системы с обратной связью; Вестник Томского государственного педагогического университета; № 4 (119)
| Parent link: | Вестник Томского государственного педагогического университета/ Томский государственный педагогический университет (ТГПУ).— , 1997- № 4 (119).— 2012.— [С. 38-41] |
|---|---|
| Prif Awdur: | |
| Crynodeb: | Заглавие с экрана Статья является результатом исследования по разработке и внедрению в учебный процесс информационных технологий для организации самостоятельной работы школьников. В ней содержатся результаты экспериментального исследования обучающей системы с положительной обратной связью для аудиторных занятий и самостоятельной работы школьников. |
| Iaith: | Rwseg |
| Cyhoeddwyd: |
2012
|
| Pynciau: | |
| Mynediad Ar-lein: | http://vestnik.tspu.ru/archive.html?year=2012&issue=4&article_id=3384 |
| Fformat: | Electronig Pennod Llyfr |
| KOHA link: | https://koha.lib.tpu.ru/cgi-bin/koha/opac-detail.pl?biblionumber=636178 |
MARC
| LEADER | 00000nla0a2200000 4500 | ||
|---|---|---|---|
| 001 | 636178 | ||
| 005 | 20250314142220.0 | ||
| 035 | |a (RuTPU)RU\TPU\network\60 | ||
| 090 | |a 636178 | ||
| 100 | |a 20131012d2012 k||y0rusy50 ca | ||
| 101 | 0 | |a rus | |
| 102 | |a RU | ||
| 135 | |a drcn ---uucaa | ||
| 181 | 0 | |a i | |
| 182 | 0 | |a b | |
| 200 | 1 | |a Усиление эффективности самостоятельной работы школьников средствами обучающей системы с обратной связью |f Е. С. Пескова | |
| 203 | |a Текст |c электронный | ||
| 300 | |a Заглавие с экрана | ||
| 320 | |a [Библиогр.: с. 40-41 (4 назв.)] | ||
| 330 | |a Статья является результатом исследования по разработке и внедрению в учебный процесс информационных технологий для организации самостоятельной работы школьников. В ней содержатся результаты экспериментального исследования обучающей системы с положительной обратной связью для аудиторных занятий и самостоятельной работы школьников. | ||
| 461 | |t Вестник Томского государственного педагогического университета |f Томский государственный педагогический университет (ТГПУ) |d 1997- | ||
| 463 | |t № 4 (119) |v [С. 38-41] |d 2012 | ||
| 610 | 1 | |a электронный ресурс | |
| 610 | 1 | |a труды учёных ТПУ | |
| 610 | 1 | |a обучающие системы | |
| 610 | 1 | |a самостоятельная работа | |
| 610 | 1 | |a тестирование | |
| 610 | 1 | |a контроль | |
| 700 | 1 | |a Пескова |b Е. С. |c физик |c инженер Томского политехнического университета |f 1985- |g Евгения Сергеевна |3 (RuTPU)RU\TPU\pers\26866 |9 12484 | |
| 801 | 2 | |a RU |b 63413507 |c 20150113 |g RCR | |
| 856 | 4 | |u http://vestnik.tspu.ru/archive.html?year=2012&issue=4&article_id=3384 | |
| 942 | |c CF | ||